Ley orgánica No. 630-16, del 28 de julio de 2016 del Ministerio de Relaciones Exteriores y del servicio exterior (Record no. 9507)

MARC details
000 -LEADER
campo de control de longitud fija 00468nam a2200133Ia 4500
001 - NÚMERO DE CONTROL
campo de control 4437
008 - DATOS DE LONGITUD FIJA--INFORMACIÓN GENERAL
campo de control de longitud fija 241024s9999 xx 000 0 und d
082 ## - NÚMERO DE LA CLASIFICACIÓN DECIMAL DEWEY
Número de clasificación RD/348/R426l/630-16
100 ## - ENTRADA PRINCIPAL--NOMBRE DE PERSONA
Nombre de persona República Dominicana. (Leyes, resoluciones, jurispridencia, etc)
245 #0 - MENCIÓN DEL TÍTULO
Título Ley orgánica No. 630-16, del 28 de julio de 2016 del Ministerio de Relaciones Exteriores y del servicio exterior
260 ## - PUBLICACIÓN, DISTRIBUCIÓN, ETC.
Nombre del editor, distribuidor, etc. Santo Domingo
Fecha de publicación, distribución, etc. 2016
901 ## - ELEMENTOS DE DATOS A LOCAL LDA (RLIN)
a 15/9/2016 12:04:06 p.m.

No items available.

© 2024. Todos los Derechos Reservados. Desarrollado por IDEICE